[Event "Lichtenberger Sommer 2018"]
[Site "?"]
[Date "2018.08.24"]
[Round "7.43"]
[White "Meister, Alexander"]
[Black "Schmidt, Jürgen"]
[Result "0-1"]
[WhiteElo "1962"]
[BlackElo "1874"]
[PlyCount "72"]
[EventDate "2018.??.??"]
[WhiteTeam "vereinslos"]
[BlackTeam "SC Kreuzberg"]

1. d4 d5 2. c4 c6 3. Nc3 Nf6 4. Nf3 e6 5. Bg5 Be7 6. e3 Nbd7 7. Rc1 a6 8. c5 h6
9. Bh4 Nh5 10. Bxe7 Qxe7 11. Nd2 Nhf6 12. f4 b6 13. b4 a5 14. a3 O-O 15. Bd3
Ba6 16. Nf3 axb4 17. axb4 bxc5 18. bxc5 Bxd3 19. Qxd3 Ra7 20. h3 Rfa8 21. O-O
Ra3 22. Nd2 Nh5 23. Ndb1 Ra1 24. Rf2 Ng3 25. Rb2 Nf6 26. Rb6 Qc7 27. Qc2 Nfe4
28. Kh2 g5 29. Nxe4 Nxe4 30. Qb2 R1a2 31. Qb3 gxf4 32. Kg1 f3 33. Rc2 f2+ 34.
Kf1 Qh2 35. Nd2 Nxd2+ 36. Rxd2 Rxd2 0-1

[Event "Lichtenberger Sommer 2018"]
[Site "?"]
[Date "2018.08.24"]
[Round "7.44"]
[White "Kornrumpf, Joachim"]
[Black "Schmalzried, Volker"]
[Result "1-0"]
[WhiteElo "2062"]
[BlackElo "1807"]
[PlyCount "103"]
[EventDate "2018.??.??"]
[WhiteTeam "Preetzer TSV"]
[BlackTeam "vereinslos"]

1. b3 Nf6 2. Bb2 c5 3. c4 Nc6 4. e3 g6 5. Nf3 Bg7 6. Be2 O-O 7. d3 d5 8. cxd5
Nxd5 9. Bxg7 Kxg7 10. a3 e5 11. Qc2 b6 12. Nbd2 Bb7 13. Qb2 f6 14. O-O Rc8 15.
Rfd1 Qe7 16. Bf1 Nc7 17. Rac1 Ne6 18. Ne4 Na5 19. Nfd2 Rcd8 20. Nf3 Bxe4 21.
dxe4 Rxd1 22. Rxd1 Rd8 23. Rc1 Nb7 24. Bc4 Nf8 25. Bd5 Nd6 26. h3 Nf7 27. b4
cxb4 28. axb4 Rd7 29. Rc6 Rc7 30. Qc3 Rxc6 31. Qxc6 Nd8 32. Qc3 Nf7 33. Nd2 Nd6
34. f4 Nb5 35. Qb2 Qc7 36. Bc4 Nd6 37. Ba2 Nf7 38. g3 g5 39. Qb3 b5 40. Nf3
exf4 41. exf4 gxf4 42. Nd4 fxg3 43. Kg2 a6 44. Nf5+ Kg6 45. Nxg3 Nh6 46. Qd1
Qe5 47. Qd2 Ne6 48. h4 Nf4+ 49. Kf3 Nh5 50. Ne2 Qe7 51. Nd4 Qd6 52. Qg2+ 1-0

[Event "Lichtenberger Sommer 2018"]
[Site "?"]
[Date "2018.08.24"]
[Round "7.45"]
[White "Matitschka, Johannes"]
[Black "Eisheh, Jens-Tarek"]
[Result "1-0"]
[WhiteElo "1774"]
[BlackElo "1947"]
[PlyCount "55"]
[EventDate "2018.??.??"]
[WhiteTeam "TSG Oberschöneweide"]
[BlackTeam "Lübecker SV"]

1. Nf3 g6 2. g3 Bg7 3. Bg2 Nf6 4. d3 c5 5. e4 d6 6. Nbd2 Nc6 7. O-O O-O 8. c3
b5 9. e5 Nd7 10. e6 Nb6 11. exf7+ Kh8 12. Ng5 d5 13. Nb3 h6 14. Nf3 Na4 15. Be3
Nxb2 16. Qd2 Na4 17. Bxh6 Rxf7 18. Qg5 Bf6 19. Qxg6 Qg8 20. Qxg8+ Kxg8 21. Ng5
Bxc3 22. Bxd5 e6 23. Bxc6 Rb8 24. Nxf7 Bxa1 25. Rxa1 Kxf7 26. Rc1 Rb6 27. Be4
Ra6 28. Nxc5 1-0

[Event "Lichtenberger Sommer 2018"]
[Site "?"]
[Date "2018.08.24"]
[Round "7.46"]
[White "Bornschein, Burkhard"]
[Black "Metzinger, Hannes"]
[Result "1-0"]
[WhiteElo "1971"]
[BlackElo "1734"]
[PlyCount "43"]
[EventDate "2018.??.??"]
[WhiteTeam "BSC Rehberge"]
[BlackTeam "SK Ottenau"]

1. d4 d5 2. Nf3 Nf6 3. c4 e6 4. Bg5 c5 5. cxd5 exd5 6. g3 Nc6 7. Nc3 cxd4 8.
Nxd4 Bc5 9. e3 Nxd4 10. exd4 Be7 11. Bg2 O-O 12. O-O Be6 13. Qb3 Ne4 14. Bxe7
Qxe7 15. Nxd5 Bxd5 16. Qxd5 Nf6 17. Qb3 Rfd8 18. Rfe1 Qd7 19. Rad1 Nd5 20. Bxd5
Qxd5 21. Re8+ Rxe8 22. Qxd5 1-0

[Event "Lichtenberger Sommer 2018"]
[Site "?"]
[Date "2018.08.24"]
[Round "7.47"]
[White "Bergmann, Jens"]
[Black "Jimenez Jimenez, Darfo"]
[Result "1/2-1/2"]
[WhiteElo "1835"]
[BlackElo "1778"]
[PlyCount "46"]
[EventDate "2018.??.??"]
[WhiteTeam "SK Tempelhof 1931"]
[BlackTeam "La corrala Lavapies"]

1. e4 c5 2. f4 d5 3. Bb5+ Bd7 4. Bxd7+ Qxd7 5. exd5 Qxd5 6. Qe2 Nc6 7. Nf3 Nd4
8. Nxd4 cxd4 9. Na3 a6 10. Nc4 Rd8 11. d3 Nf6 12. O-O b5 13. Ne5 e6 14. f5 Be7
15. fxe6 fxe6 16. Bg5 O-O 17. Rae1 Rde8 18. a3 Bd8 19. Rf4 Qb7 20. Bxf6 gxf6
21. Qg4+ Kh8 22. Nf3 Rg8 23. Qh3 e5 1/2-1/2

[Event "Lichtenberger Sommer 2018"]
[Site "?"]
[Date "2018.08.24"]
[Round "7.49"]
[White "Grassi, Fabrizio"]
[Black "Junge, Wolfgang"]
[Result "1/2-1/2"]
[WhiteElo "1896"]
[BlackElo "1829"]
[PlyCount "51"]
[EventDate "2018.??.??"]
[WhiteTeam "SV Berlin-Friedrichstadt"]
[BlackTeam "SC Friesen Lichtenberg"]

1. d4 Nf6 2. Bf4 d5 3. e3 e6 4. Nd2 Bd6 5. Bg3 Bxg3 6. hxg3 Nbd7 7. Ngf3 c5 8.
c3 Qc7 9. Bd3 h6 10. O-O e5 11. dxe5 Nxe5 12. Nxe5 Qxe5 13. Bb5+ Bd7 14. Bxd7+
Nxd7 15. Qa4 Qc7 16. e4 Qc6 17. Qxc6 bxc6 18. exd5 cxd5 19. Rad1 O-O 20. Nb3 c4
21. Nd4 Nf6 22. Nc6 Rfe8 23. Rd2 a5 24. f3 Ra6 25. Nd4 Rb6 26. Nf5 1/2-1/2

[Event "Lichtenberger Sommer 2018"]
[Site "?"]
[Date "2018.08.24"]
[Round "7.50"]
[White "Schneider, Eckehard"]
[Black "Strehlow, Horst"]
[Result "1-0"]
[WhiteElo "1837"]
[BlackElo "1981"]
[PlyCount "43"]
[EventDate "2018.??.??"]
[WhiteTeam "SF 1903 Berlin"]
[BlackTeam "SG TT/WiHeil"]

1. e4 e6 2. d4 d5 3. e5 c5 4. c3 Nc6 5. Nf3 Bd7 6. Be2 cxd4 7. cxd4 h5 8. Nc3
Nge7 9. Bg5 Qa5 10. a3 a6 11. b4 Qc7 12. Rc1 b5 13. Nh4 Qb6 14. Nf3 Nf5 15. Be3
Be7 16. O-O Nxe3 17. fxe3 g5 18. Ne1 g4 19. Nd3 Rc8 20. Nc5 Bg5 21. Qd3 Rd8 22.
Rf2 1-0

[Event "Lichtenberger Sommer 2018"]
[Site "?"]
[Date "2018.08.24"]
[Round "7.51"]
[White "Spors, Carl Philip"]
[Black "Bandsom, Olaf"]
[Result "1-0"]
[WhiteElo "1902"]
[BlackElo "1806"]
[PlyCount "33"]
[EventDate "2018.??.??"]
[WhiteTeam "Lasker Steglitz-Wilmersdorf"]
[BlackTeam "SC Friesen Lichtenberg"]

1. e4 e5 2. Nf3 Nc6 3. d4 exd4 4. Nxd4 Qf6 5. Nf3 h6 6. Be3 Qxb2 7. Nbd2 Qf6 8.
Bc4 d6 9. Rb1 Nge7 10. O-O b6 11. e5 Nxe5 12. Nxe5 dxe5 13. f4 Be6 14. Bb5+ c6
15. Ne4 Qg6 16. Nd6+ Kd7 17. Nxf7+ 1-0

[Event "Lichtenberger Sommer 2018"]
[Site "?"]
[Date "2018.08.24"]
[Round "7.52"]
[White "Krüger, Ekkehard"]
[Black "Lehmkuhl, Stefan"]
[Result "0-1"]
[WhiteElo "1854"]
[BlackElo "1892"]
[PlyCount "58"]
[EventDate "2018.??.??"]
[WhiteTeam "SG NARVA Berlin"]
[BlackTeam "Breloher SC"]

1. e4 d5 2. exd5 Nf6 3. d4 Nxd5 4. c4 Nf6 5. Nc3 g6 6. h3 Bg7 7. Nf3 Nbd7 8.
Be3 O-O 9. Rc1 Re8 10. Be2 e5 11. dxe5 Nxe5 12. Nxe5 Qxd1+ 13. Rxd1 Rxe5 14.
O-O c6 15. Rd8+ Re8 16. Rfd1 Be6 17. Rxe8+ Nxe8 18. g4 a5 19. Na4 Bf6 20. Nc5
Bc8 21. b3 Nc7 22. Nd7 Bxd7 23. Rxd7 Rc8 24. Bb6 Re8 25. Kf1 Ne6 26. Be3 Re7
27. Rd1 Be5 28. Bd2 Nf4 29. Bxa5 Nxe2 0-1

[Event "Lichtenberger Sommer 2018"]
[Site "?"]
[Date "2018.08.24"]
[Round "7.53"]
[White "Kohlmeyer, Dagobert"]
[Black "Bruening, Wolfgang"]
[Result "0-1"]
[WhiteElo "1858"]
[BlackElo "1841"]
[PlyCount "96"]
[EventDate "2018.??.??"]
[WhiteTeam "SG Weißensee 49"]
[BlackTeam "vereinslos"]

1. e4 e6 2. d4 d5 3. Nc3 dxe4 4. Nxe4 Nd7 5. Nf3 Ngf6 6. Nxf6+ Nxf6 7. Bd3 c5
8. dxc5 Bxc5 9. O-O O-O 10. Qe2 Qc7 11. Bd2 b6 12. Bc3 Bb7 13. Bxf6 gxf6 14.
Be4 Rad8 15. Bxb7 Qxb7 16. Rad1 Rd5 17. Rxd5 Qxd5 18. c4 Qa8 19. Rd1 Rd8 20.
Rd3 Rxd3 21. Qxd3 Be7 22. Kf1 Qd8 23. Qxd8+ Bxd8 24. Nd4 Bc7 25. b4 Kf8 26. b5
Ke7 27. Ke2 Kd6 28. Kd3 Kc5 29. Nc6 a6 30. a4 f5 31. h3 f6 32. Nd4 axb5 33.
axb5 Kd6 34. Ke3 f4+ 35. Kd3 Kd7 36. Nb3 Bd6 37. f3 f5 38. Kd4 Bc7 39. c5 bxc5+
40. Nxc5+ Ke7 41. Kc4 Bb6 42. Na4 Bf2 43. b6 Kd6 44. Kb5 e5 45. Nc3 Bd4 46. Ne2
Be3 47. g3 e4 48. fxe4 f3 0-1

[Event "Lichtenberger Sommer 2018"]
[Site "?"]
[Date "2018.08.24"]
[Round "7.54"]
[White "Lichii, Elizaveta"]
[Black "Fiß, Wolfgang"]
[Result "0-1"]
[WhiteElo "1807"]
[BlackElo "1757"]
[PlyCount "124"]
[EventDate "2018.??.??"]
[WhiteTeam "vereinslos"]
[BlackTeam "SC Oranienburg"]

1. e4 e6 2. d4 d5 3. Nc3 dxe4 4. Nxe4 Nd7 5. Nf3 Ngf6 6. Nxf6+ Nxf6 7. c3 Bd7
8. Bd3 Be7 9. Ne5 h6 10. O-O c5 11. Be3 Bc6 12. Nxc6 bxc6 13. dxc5 Nd5 14. Bd4
O-O 15. Qg4 Bf6 16. Qe4 g6 17. a3 Rb8 18. c4 Bxd4 19. Qxd4 Nf4 20. Qxf4 Qxd3
21. b4 Rbd8 22. Qxh6 Qxc4 23. Rfc1 Qd4 24. Qh3 Rd5 25. Qf3 Rfd8 26. Rf1 Qd2 27.
Qe4 Qc3 28. g3 a6 29. Qe1 Qb3 30. Qe2 Rd3 31. Qa2 Qa4 32. Rfb1 Rf3 33. Qe2 Rxa3
34. Rxa3 Qxa3 35. Qb2 Qa4 36. Qb3 Qb5 37. Ra1 Rb8 38. Qa4 Qxa4 39. Rxa4 Ra8 40.
f4 f5 41. Kf2 Kf7 42. Ke3 Kf6 43. Kd4 Rd8+ 44. Kc4 Ra8 45. Ra2 e5 46. fxe5+
Kxe5 47. Re2+ Kf6 48. Rd2 Re8 49. Rd7 g5 50. Ra7 f4 51. gxf4 gxf4 52. Rxa6 Kf5
53. Ra7 Re4+ 54. Kb3 f3 55. Rf7+ Kg4 56. Rg7+ Kf4 57. Rf7+ Ke3 58. Ka4 f2 59.
Rxf2 Kxf2 60. Ka5 Ke3 61. b5 Kd4 62. bxc6 Kxc5 0-1

[Event "Lichtenberger Sommer 2018"]
[Site "?"]
[Date "2018.08.24"]
[Round "7.55"]
[White "Otter, Nils"]
[Black "Wallmann, Bodo"]
[Result "0-1"]
[WhiteElo "1723"]
[BlackElo "1814"]
[PlyCount "60"]
[EventDate "2018.??.??"]
[WhiteTeam "SC Kreuzberg"]
[BlackTeam "SC Kreuzberg"]

1. e4 c5 2. d4 cxd4 3. c3 Nf6 4. e5 Nd5 5. Nf3 e6 6. cxd4 Nc6 7. Nc3 Nxc3 8.
bxc3 d6 9. Bb5 d5 10. a4 a6 11. Bd3 Be7 12. O-O O-O 13. Re1 Re8 14. g3 f5 15.
h4 Rf8 16. Bf4 Na5 17. Kg2 Bd7 18. Rc1 Rc8 19. Rh1 Qe8 20. h5 Bxa4 21. Qe2 Nc4
22. g4 fxg4 23. Ng5 Rxf4 24. Nxe6 Rf3 25. h6 g6 26. Be4 dxe4 27. Qxe4 Qf7 28.
Qxg4 Rxf2+ 29. Kg3 Bc6 30. Rh2 Rf3+ 0-1

[Event "Lichtenberger Sommer 2018"]
[Site "?"]
[Date "2018.08.24"]
[Round "7.56"]
[White "Baranowsky, Peter"]
[Black "Schönberger, Kay"]
[Result "1-0"]
[WhiteElo "1848"]
[BlackElo "1889"]
[PlyCount "87"]
[EventDate "2018.??.??"]
[WhiteTeam "SF 1903 Berlin"]
[BlackTeam "SV Koblenz"]

1. e4 c5 2. Nc3 Nc6 3. f4 g6 4. Nf3 Bg7 5. Bc4 e6 6. O-O Nge7 7. d3 d5 8. Bb3
O-O 9. Qe1 Nd4 10. Nxd4 cxd4 11. Ne2 dxe4 12. dxe4 Qb6 13. Rf3 e5 14. h3 Be6
15. Qf2 Rac8 16. Bd2 Nc6 17. f5 gxf5 18. exf5 e4 19. Qg3 Bxf5 20. Rxf5 d3+ 21.
Be3 Qc7 22. Bf4 Qb6+ 23. Be3 Qc7 24. cxd3 Qxg3 25. Nxg3 exd3 26. Raf1 Rc7 27.
Nh5 Bd4 28. Nf6+ Kg7 29. Rg5+ Kh8 30. Bxd4 Nxd4 31. Rd5 Nxb3 32. axb3 Rc2 33.
Rxd3 Rxb2 34. Rg3 Rc2 35. Kh2 Rc6 36. Nd7 Rg8 37. Rxf7 Rc7 38. Ne5 Rxg3 39.
Kxg3 Rc3+ 40. Rf3 Rc5 41. Kf4 a5 42. Rg3 Rc7 43. Kf5 b5 44. Kf6 1-0

[Event "Lichtenberger Sommer 2018"]
[Site "?"]
[Date "2018.08.24"]
[Round "7.57"]
[White "Korell, Klaus-Peter"]
[Black "Schwager, Thomas"]
[Result "1-0"]
[WhiteElo "1847"]
[BlackElo "1628"]
[PlyCount "69"]
[EventDate "2018.??.??"]
[WhiteTeam "SG TT/Wiheil"]
[BlackTeam "SC Friesen Lichtenberg"]

1. d4 d5 2. c4 e6 3. Nf3 Nf6 4. g3 Bb4+ 5. Bd2 Bd6 6. Nc3 c6 7. cxd5 exd5 8.
Bg2 O-O 9. O-O Bf5 10. Bg5 h6 11. Bxf6 Qxf6 12. Qd2 Nd7 13. Nh4 Bh7 14. e4 dxe4
15. Nxe4 Bxe4 16. Bxe4 Nb6 17. Rad1 Rfd8 18. Bb1 g5 19. Nf5 Nd5 20. a3 Bc7 21.
Qe2 Bd6 22. Rd2 Bf8 23. Qh5 Kh8 24. Kg2 Qg6 25. Qf3 g4 26. Qd3 h5 27. Re1 Bg7
28. Qb3 Qg5 29. Qc2 Bf6 30. Nd6 Qg7 31. Nxb7 Rdb8 32. Qxc6 Nb6 33. Qe4 Qh6 34.
Nd6 Kg7 35. Nf5+ 1-0

[Event "Lichtenberger Sommer 2018"]
[Site "?"]
[Date "2018.08.24"]
[Round "7.58"]
[White "Lieder, Günter"]
[Black "Hoffmann, Rainer"]
[Result "0-1"]
[WhiteElo "1830"]
[BlackElo "1950"]
[PlyCount "98"]
[EventDate "2018.??.??"]
[WhiteTeam "SK Turm Bad Hersfeld"]
[BlackTeam "SV Oberkrämer"]

1. c4 Nf6 2. Nc3 g6 3. g3 Bg7 4. Bg2 O-O 5. d3 d6 6. Bg5 h6 7. Bd2 c6 8. Nf3
Nbd7 9. O-O a5 10. Rb1 Nc5 11. Be3 Ncd7 12. Qc2 e5 13. a3 Ng4 14. Bd2 f5 15. b4
axb4 16. axb4 g5 17. h3 Ngf6 18. Ra1 Rxa1 19. Rxa1 e4 20. Ne1 d5 21. Ra8 Nb6
22. Ra7 exd3 23. exd3 dxc4 24. dxc4 Nxc4 25. Nb1 Nxd2 26. Nxd2 Qd4 27. Qa2+ Kh8
28. b5 Ne4 29. Ndf3 Qc5 30. bxc6 Qxc6 31. Nd3 Be6 32. Qb1 Rb8 33. Nfe5 Qc7 34.
Nf3 Nc3 35. Qb4 Nd5 36. Qb1 Ne7 37. Kh2 Nc6 38. Ra4 b5 39. Ra6 Bc8 40. Rxc6
Qxc6 41. Nxg5 Qe8 42. Nf3 b4 43. Nf4 b3 44. Nh4 b2 45. Nhg6+ Kh7 46. g4 Be5 47.
gxf5 Bxf4+ 48. Nxf4 Qe5 49. Kg3 Bxf5 0-1

[Event "Lichtenberger Sommer 2018"]
[Site "?"]
[Date "2018.08.24"]
[Round "7.59"]
[White "Becker, Werner"]
[Black "Namestnikov, Boris"]
[Result "0-1"]
[WhiteElo "1689"]
[BlackElo "1916"]
[PlyCount "65"]
[EventDate "2018.??.??"]
[WhiteTeam "SV Königsee"]
[BlackTeam "SK Zehlendorf"]

1. Nf3 Nf6 2. g3 g6 3. Bg2 Bg7 4. O-O O-O 5. d4 d6 6. e3 c6 7. b3 Bg4 8. Bb2
Qc8 9. Nbd2 Bh3 10. c4 Bxg2 11. Kxg2 Nfd7 12. Qc2 Na6 13. a3 Nc7 14. Rfe1 b6
15. Rad1 Qb7 16. Kg1 Rfd8 17. e4 b5 18. d5 Bxb2 19. dxc6 Qxc6 20. Qxb2 Nc5 21.
Nd4 Qb7 22. Re3 N5e6 23. Nxb5 Nxb5 24. cxb5 Qxb5 25. Rc1 Rac8 26. Rec3 Qe5 27.
Nc4 Qd4 28. Qd2 Rxc4 29. Qxd4 Rxd4 30. f3 Kg7 31. Kf1 Rd2 32. R3c2 Rxc2 33.
Rxc2 0-1

[Event "Lichtenberger Sommer 2018"]
[Site "?"]
[Date "2018.08.24"]
[Round "7.60"]
[White "Kromer, Thomas"]
[Black "Kreuchauf, Olaf"]
[Result "1-0"]
[WhiteElo "1839"]
[BlackElo "1674"]
[PlyCount "53"]
[EventDate "2018.??.??"]
[WhiteTeam "SF Riedlingen"]
[BlackTeam "SC Eintracht Berlin"]

1. e4 e6 2. d3 c5 3. Nf3 Nc6 4. g3 d5 5. Nbd2 dxe4 6. dxe4 e5 7. c3 Be6 8. Qc2
Bd6 9. Bg2 f6 10. O-O Nge7 11. Rd1 Qc7 12. Nf1 Bf7 13. Be3 Rd8 14. N1d2 b6 15.
Qa4 O-O 16. Nc4 Nc8 17. Nh4 g6 18. Bh3 N6e7 19. Bh6 Rfe8 20. Rd3 g5 21. Nf5
Nxf5 22. Bxf5 Be7 23. Rad1 Rxd3 24. Rxd3 Rd8 25. Rxd8+ Bxd8 26. Be6 a6 27. Qe8#
1-0

[Event "Lichtenberger Sommer 2018"]
[Site "?"]
[Date "2018.08.24"]
[Round "7.61"]
[White "Regel, Michael"]
[Black "Kretzschmar, Jan"]
[Result "1/2-1/2"]
[WhiteElo "1692"]
[BlackElo "1817"]
[PlyCount "99"]
[EventDate "2018.??.??"]
[WhiteTeam "SC Friesen Lichtenberg"]
[BlackTeam "SC Kreuzberg"]

1. e4 c5 2. Nc3 Nc6 3. f4 g6 4. Nf3 Bg7 5. Bb5 Nd4 6. O-O Nxb5 7. Nxb5 d5 8.
exd5 a6 9. Nc3 Nf6 10. d4 c4 11. a4 Nxd5 12. Qe2 Be6 13. Ne4 Bg4 14. c3 O-O 15.
Qxc4 Bxf3 16. Rxf3 b6 17. f5 Qd7 18. fxg6 hxg6 19. Bd2 Qb7 20. Raf1 Rac8 21.
Qe2 Nc7 22. Ng5 Bf6 23. Qf2 Qc6 24. Qh4 Bxg5 25. Bxg5 f6 26. Rh3 Kf7 27. Qe1
Rh8 28. Re3 Nd5 29. Ref3 Qxa4 30. Bh4 Qc6 31. Bg3 b5 32. Qe2 Ra8 33. Rc1 Qc4
34. Qe1 Rac8 35. Ra1 Ra8 36. Qe4 a5 37. Rff1 a4 38. Rfe1 Qc6 39. Qe2 Rac8 40.
Rec1 Qc4 41. Qd2 Qc6 42. Re1 Ra8 43. Rec1 Rac8 44. Rc2 Qc4 45. Qe2 Qxe2 46.
Rxe2 Nb6 47. Rae1 Rhe8 48. Bf4 Nc4 49. Ra1 Na5 50. Bd2 1/2-1/2

[Event "Lichtenberger Sommer 2018"]
[Site "?"]
[Date "2018.08.24"]
[Round "7.62"]
[White "Murat, Abylay"]
[Black "Mayer, Herbert"]
[Result "0-1"]
[WhiteElo "1708"]
[BlackElo "1840"]
[PlyCount "115"]
[EventDate "2018.??.??"]
[WhiteTeam "SC Friesen Lichtenberg"]
[BlackTeam "SC Rochade (Berlin)"]

1. d4 Nf6 2. Nf3 g6 3. Nc3 d5 4. Bf4 Bg7 5. Qd2 Ne4 6. Nxe4 dxe4 7. Ne5 f6 8.
Nc4 Be6 9. e3 c6 10. Qb4 Qd7 11. Nd2 a5 12. Qb6 f5 13. Bc4 Bxc4 14. Nxc4 O-O
15. Qb3 a4 16. Qb4 Na6 17. Qxa4 b5 18. Nb6 bxa4 19. Nxd7 Rfd8 20. Nb6 Ra7 21.
a3 c5 22. c3 cxd4 23. cxd4 Nb8 24. Rc1 h6 25. O-O g5 26. Bc7 Re8 27. Rc4 Rb7
28. Nxa4 Rc8 29. Rfc1 Na6 30. Bb6 Rcb8 31. Rc8+ Rxc8 32. Rxc8+ Kf7 33. b4 f4
34. b5 Nb8 35. Rc7 fxe3 36. fxe3 Rxc7 37. Bxc7 Nd7 38. Nc5 Ke8 39. b6 Nxc5 40.
dxc5 Kd7 41. b7 Kxc7 42. c6 Be5 43. Kf2 Kxc6 44. h3 Kxb7 45. Ke2 Kb6 46. Kd2
Kb5 47. Kc2 Ka4 48. Kb1 Kxa3 49. Kc2 Kb4 50. Kd2 Kb3 51. Kd1 Kc3 52. Ke2 Bg3
53. h4 Bxh4 54. g4 Kc2 55. Kf1 Kd3 56. Kg2 Kxe3 57. Kf1 Kf3 58. Kg1 0-1

[Event "Lichtenberger Sommer 2018"]
[Site "?"]
[Date "2018.08.24"]
[Round "7.63"]
[White "Keusch, Horst"]
[Black "Franke, Lukas"]
[Result "1-0"]
[WhiteElo "1932"]
[BlackElo "1287"]
[PlyCount "87"]
[EventDate "2018.??.??"]
[WhiteTeam "SC Friesen Lichtenberg"]
[BlackTeam "Königsjäger Süd-West"]

1. f4 Nf6 2. Nf3 d6 3. b3 Nbd7 4. Bb2 e6 5. e3 Be7 6. Be2 O-O 7. O-O d5 8. Ne5
Nxe5 9. fxe5 Nd7 10. Bg4 c5 11. d4 b6 12. Nd2 Bb7 13. Rf3 Qc7 14. Rh3 Qc6 15.
Nf3 f6 16. exf6 Nxf6 17. Ne5 Qd6 18. Be2 Ne4 19. Bd3 Rf6 20. Qh5 h6 21. Bxe4
dxe4 22. Ng4 Qd5 23. Nxf6+ Bxf6 24. Qg4 Kh7 25. Rd1 Rd8 26. Rg3 Qf5 27. Qe2 Qd5
28. c4 Qd6 29. d5 exd5 30. cxd5 Be5 31. Bxe5 Qxe5 32. Qg4 Rxd5 33. Rxd5 Bxd5
34. h3 c4 35. bxc4 Bxc4 36. Qg6+ Kg8 37. Rg4 Bd3 38. Rf4 Qa1+ 39. Kh2 Qxa2 40.
Qe8+ Kh7 41. Rf8 g5 42. Rh8+ Kg7 43. Qf8+ Kg6 44. Rxh6# 1-0

[Event "Lichtenberger Sommer 2018"]
[Site "?"]
[Date "2018.08.24"]
[Round "7.64"]
[White "Fock, Amina"]
[Black "Bastian, Reinhard"]
[Result "1-0"]
[WhiteElo "1824"]
[BlackElo "1667"]
[PlyCount "57"]
[EventDate "2018.??.??"]
[WhiteTeam "SC Zugzwang 95 (Berlin)"]
[BlackTeam "vereinslos"]

1. e4 e6 2. d4 d5 3. Nd2 Nf6 4. e5 Nfd7 5. Bd3 c5 6. c3 Nc6 7. Ne2 cxd4 8. cxd4
f6 9. exf6 Nxf6 10. Nf3 Bd6 11. O-O O-O 12. Re1 Qc7 13. g3 Ng4 14. Nf4 Nf6 15.
Nxe6 Bxe6 16. Rxe6 Qd7 17. Bf5 g6 18. Bh3 Qc7 19. Bh6 Rf7 20. Ng5 Nd8 21. Nxf7
Qxf7 22. Rxd6 Ne4 23. Rxd8+ Rxd8 24. Be3 Rf8 25. Qc2 g5 26. Bg2 Qf5 27. Rc1 h5
28. Bxe4 dxe4 29. Qb3+ 1-0

[Event "Lichtenberger Sommer 2018"]
[Site "?"]
[Date "2018.08.24"]
[Round "7.65"]
[White "Wörz, Markus"]
[Black "Prix, Siegfried"]
[Result "1-0"]
[WhiteElo "2027"]
[BlackElo "1739"]
[PlyCount "52"]
[EventDate "2018.??.??"]
[WhiteTeam "SC Kreuzberg"]
[BlackTeam "SF 1903 Berlin"]

1. e4 e5 2. Nf3 Nc6 3. Bb5 a6 4. Ba4 Nf6 5. O-O Be7 6. Re1 b5 7. Bb3 d6 8. c3
O-O 9. h3 Na5 10. Bc2 c5 11. d4 cxd4 12. cxd4 Qc7 13. d5 Bd7 14. Nbd2 Rfc8 15.
Bd3 Qb6 16. Nf1 Rc7 17. Be3 Qb8 18. Ng3 Nc4 19. Bc1 b4 20. Qe2 Bb5 21. Nf5 Bf8
22. Nh2 a5 23. a4 bxa3 24. b3 Nb2 25. Bxb5 Rc5 26. Bc6 Qxb3 1-0

[Event "Lichtenberger Sommer 2018"]
[Site "?"]
[Date "2018.08.24"]
[Round "7.66"]
[White "Tedesco, Gennaro"]
[Black "Ziems, Michael"]
[Result "1/2-1/2"]
[WhiteElo "1706"]
[BlackElo "1813"]
[PlyCount "115"]
[EventDate "2018.??.??"]
[WhiteTeam "SC Kreuzberg"]
[BlackTeam "SV Empor Berlin"]

1. d4 e6 2. c4 d5 3. Nf3 Nf6 4. g3 Be7 5. Bg2 c6 6. O-O b6 7. Qc2 O-O 8. Rd1
Bb7 9. cxd5 exd5 10. Nc3 Nbd7 11. Bf4 Re8 12. Rac1 Nf8 13. Be5 Ng6 14. Bxf6
Bxf6 15. b4 b5 16. a4 a6 17. e3 Be7 18. Qb3 Qd6 19. Rb1 Bc8 20. a5 Bf5 21. Rb2
Qf6 22. Ne1 Bd6 23. Nd3 h5 24. Nc5 Bxc5 25. bxc5 h4 26. Ne2 Bg4 27. Rdd2 Bf3
28. Qd1 Bxg2 29. Kxg2 h3+ 30. Kg1 Qg5 31. Nf4 Nxf4 32. exf4 Qf5 33. Re2 Re4 34.
f3 Ree8 35. Re5 Rxe5 36. fxe5 Re8 37. Rf2 f6 38. exf6 Qxf6 39. Qd2 Qe6 40. Kf1
Qe3 41. f4 Qa3 42. Kg1 Re4 43. Re2 Qa1+ 44. Kf2 Rxe2+ 45. Kxe2 Qh1 46. Kd3 Qg2
47. Qe2 Kf8 48. Qe5 Qf1+ 49. Kd2 Qg2+ 50. Kd3 Qf3+ 51. Kd2 Qg2+ 52. Kd3 Qxh2
53. Qf5+ Ke7 54. Qe5+ Kf7 55. Qf5+ Kg8 56. Qe6+ Kh7 57. Qf5+ g6 58. Qf7+
1/2-1/2

[Event "Lichtenberger Sommer 2018"]
[Site "?"]
[Date "2018.08.24"]
[Round "7.67"]
[White "Zielke, Ansgar"]
[Black "Stein, Siegfried"]
[Result "1-0"]
[WhiteElo "1608"]
[BlackElo "1822"]
[PlyCount "109"]
[EventDate "2018.??.??"]
[WhiteTeam "Borussia Lichtenberg"]
[BlackTeam "SV Berolina Mitte"]

1. d4 Nf6 2. c4 g6 3. Nf3 Bg7 4. Nc3 d6 5. e3 O-O 6. Be2 Nbd7 7. O-O e5 8. dxe5
dxe5 9. Qc2 c6 10. Rd1 Qc7 11. b3 Rd8 12. Ba3 Ne8 13. Be7 e4 14. Bxd8 Qxd8 15.
Ne1 Qa5 16. Nxe4 Bxa1 17. Rxa1 Ndf6 18. Qc3 Qxc3 19. Nxc3 Bf5 20. Rd1 Kf8 21.
Bd3 Bxd3 22. Rxd3 Ke7 23. f3 Nc7 24. e4 Ne6 25. g3 g5 26. Kf2 Rd8 27. Rxd8 Kxd8
28. Nd3 Ke7 29. Ke3 Nd7 30. f4 h6 31. f5 Ng7 32. g4 f6 33. c5 Ne8 34. b4 Nc7
35. a3 a6 36. Kd4 Ne8 37. e5 fxe5+ 38. Nxe5 Ndf6 39. h3 h5 40. Ne4 Nxe4 41.
Kxe4 hxg4 42. hxg4 Nf6+ 43. Kd4 Nd5 44. Nc4 Nf6 45. Ne3 Nd7 46. Nc4 Nf6 47. Ne3
Nd7 48. Ke4 Nf6+ 49. Kf3 Nd7 50. Nc4 Kf6 51. Nd6 Ne5+ 52. Kg3 Ke7 53. Nxb7 Nc4
54. Na5 Nxa3 55. Nxc6+ 1-0

[Event "Lichtenberger Sommer 2018"]
[Site "?"]
[Date "2018.08.24"]
[Round "7.68"]
[White "Engesser, Philipp"]
[Black "Schubert, Joachim"]
[Result "0-1"]
[WhiteElo "1626"]
[BlackElo "1845"]
[PlyCount "43"]
[EventDate "2018.??.??"]
[WhiteTeam "Esv Askoe Admira Villach"]
[BlackTeam "SC Friesen Lichtenberg"]

1. e4 c5 2. d4 cxd4 3. c3 dxc3 4. Nxc3 Nc6 5. Nf3 d6 6. Bc4 e6 7. O-O Be7 8.
Qe2 a6 9. Rd1 Qa5 10. Bf4 Nf6 11. Bxd6 Bxd6 12. Rxd6 O-O 13. Nd4 Qe5 14. Rxc6
bxc6 15. Nb3 Qg5 16. e5 Nd5 17. Rd1 a5 18. Bxd5 exd5 19. Nd4 Qg6 20. Rd3 Ba6
21. Ncb5 cxb5 22. a4 0-1

[Event "Lichtenberger Sommer 2018"]
[Site "?"]
[Date "2018.08.24"]
[Round "7.69"]
[White "Kautz, Stefan"]
[Black "Wadepfuhl, Jeremy"]
[Result "1/2-1/2"]
[WhiteElo "1894"]
[BlackElo "1526"]
[PlyCount "85"]
[EventDate "2018.??.??"]
[WhiteTeam "SC Empor Maulwurf Bonn"]
[BlackTeam "Borussia Lichtenberg"]

1. e4 e5 2. Nf3 Nc6 3. Bb5 a6 4. Ba4 b5 5. Bb3 d6 6. h3 Be7 7. c3 Nf6 8. Bc2
O-O 9. O-O h6 10. Re1 Nh7 11. a3 Ng5 12. d3 f5 13. Nbd2 f4 14. Kh2 Qd7 15. Ng1
Kh7 16. Ndf3 g6 17. d4 Rg8 18. dxe5 dxe5 19. Qxd7 Bxd7 20. Nxg5+ Bxg5 21. Nf3
Be7 22. Bb3 Rge8 23. Bd2 Bc5 24. Red1 Rad8 25. Be1 Be6 26. Bc2 Kg7 27. Rxd8
Rxd8 28. Rd1 Rxd1 29. Bxd1 Bb6 30. Be2 Kf6 31. g4 Na5 32. Nd2 Bc4 33. Nxc4 Nxc4
34. Bxc4 bxc4 35. Kg2 Kg5 36. Bd2 h5 37. gxh5 gxh5 38. Kf3 Kf6 39. Bc1 c6 40.
Bd2 Ke6 41. Ke2 Kd6 42. Be1 Ke6 43. Bd2 1/2-1/2